Catalog

Record Details

Catalog Search



Available copies

  • 1 of 1 copy available at LARL/NWRL Consortium.

Current holds

0 current holds with 1 total copy.

Show Only Available Copies
Location Call Number / Copy Notes Barcode Shelving Location Status Due Date
Warroad Public Library e 523.4 CAR (Text) 35500006933020 Main Available -

Record details

  • ISBN: 9780545557788
  • ISBN: 054555778X
  • ISBN: 9780545500227
  • ISBN: 0545500222
  • ISBN: 9781338532517
  • ISBN: 1338532510
  • Physical Description: 32 pages : color illustrations ; 23 cm.
  • Publisher: New York : Scholastic, 2012.

Content descriptions

General Note:
"This edition is available for distribution only through the school market"--Page 4 of cover.
Formatted Contents Note:
What's a planet? -- Hello, planets! -- The sun -- ... Read More
Summary, etc.:
Provides information about the planets, the sun, ... Read More
Target Audience Note:
Ages 5 and up ; Grades K and up.
Subject: Planets > Juvenile literature.
Planets
Genre: Literature
Juvenile works
Literature.
LDR 02196cam a2200505 a 4500
001486013
003LARL_NWRL_CONSORTIUM
00520260427123927.0
008130206s2012 nyua j 000 0 eng d
040 . ‡aDUQ ‡beng ‡cDUQ ‡dOCLCA ‡dOCLCF ‡dOCLCO ‡dOCLCA ‡dOCLCQ ‡dOCLCO ‡dZAPCP ‡dIV2 ‡dXY4 ‡dKL4 ‡dOCLCO ‡dOCL ‡dOCLCO ‡dOCLCQ ‡dOCLCL ‡dOCLCQ ‡dOCLCL ‡dOCLCQ ‡dOCLCL ‡dOCLCO ‡dOCLCL
020 . ‡a9780545557788
020 . ‡a054555778X
020 . ‡a9780545500227
020 . ‡a0545500222
020 . ‡a9781338532517
020 . ‡a1338532510
035 . ‡a(OCoLC)826858915
08204. ‡a523.4 ‡qOCoLC
1001 . ‡aCarney, Elizabeth, ‡d1981- ‡1https://id.oclc.org/worldcat/entity/E39PCjBfYPK39GwmMbXwjktwJC ‡0(LARL_NWRL_CONSORTIUM)196550
24510. ‡aPlanets / ‡cElizabeth Carney.
260 . ‡aNew York : ‡bScholastic, ‡c2012.
300 . ‡a32 pages : ‡bcolor illustrations ; ‡c23 cm.
336 . ‡atext ‡btxt ‡2rdacontent
337 . ‡aunmediated ‡bn ‡2rdamedia
338 . ‡avolume ‡bnc ‡2rdacarrier
4900 . ‡aNational Geographic kids
4900 . ‡aNational Geographic kids readers. Level 2
5050 . ‡aWhat's a planet? -- Hello, planets! -- The sun -- Our solar system -- The inner planets -- Your planet Earth -- The gas giants -- Dwarf planets -- Amazing planets -- Moons galore! -- Our moon -- Exploring space -- Stump your parents.
520 . ‡aProvides information about the planets, the sun, and moons.
521 . ‡aAges 5 and up ; Grades K and up.
500 . ‡a"This edition is available for distribution only through the school market"--Page 4 of cover.
650 0. ‡aPlanets ‡vJuvenile literature. ‡0(LARL_NWRL_CONSORTIUM)166752
650 7. ‡aPlanets ‡2fast ‡0(LARL_NWRL_CONSORTIUM)28262
655 7. ‡aLiterature ‡2fast
655 7. ‡aJuvenile works ‡2fast
655 7. ‡aLiterature. ‡2lcgft
7102 . ‡aNational Geographic Society (U.S.) ‡0(LARL_NWRL_CONSORTIUM)2208
901 . ‡a486013 ‡bAUTOGEN ‡c486013 ‡tbiblio

Additional Resources